Представление документа в формате RUSMARC

ПолеНазваниеЗначение
  Тип записи a
  Библиографический уровень m
001 Контрольный номер SKBR/ad6db4dd-45b2-4466-8466-54d7f577c408
005 Дата корректировки 20260601164731.2
010 Индекс ISBN __
a ISBN 978-5-00139-947-6
b Уточнения рус.
b Уточнения в пер.
010 Индекс ISBN __
a ISBN 978-5-00139-350-4
b Уточнения сер.
010 Индекс ISBN __
a ISBN 978-5-9848-7870-0
9 Тираж 5000 экз.
b Уточнения англ.
d Цена 879-80
035 Другие системные номера __
a Идентификатор записи RU\NLR\BIBL_A\022281849
100 Данные общей обработки __
a Данные общей обработки 20240722d2025 km y0rusy028902 ca
101 Язык документа 1_
a Язык текста rus
c Язык оригинала eng
102 Страна публикации __
a Страна публикации RU
105 Кодированные данные (монография) __
a Кодированные данные (монография) a z 000yy
181 Поле кодированных данных: вид содержания _0
a Код вида содержания (ISBD) i
182 Поле кодированных данных: тип средства _0
a Код типа средства (ISBD) n
200 Заглавие и сведения об ответственности 1_
a Заглавие От саванны до дивана
e Сведения, относящиеся к заглавию эволюционная история кошек
f Первые сведения об ответственности Джонатан Лосос
g Последующие сведения об ответственности перевод с английского: Елена Борткевич
203 Вид содержания и тип средства __
a Вид содержания Текст
c Тип средства непосредственный
210 Выходные данные 1_
a Место издания Москва
c Издательство Альпина нон-фикшн
d Дата издания 2025
215 Физическое описание __
a Объем 422 с.
c Иллюстрации/тип воспроизводства ил., фот.
d Формат 21 см
225 Серия 1_
a Серия Серия "Животные"
320 Библиография __
a Библиография Библиография в примечаниях: с. 389–[410]
320 Библиография __
a Библиография Предметно-именной указатель: с. 411–422
330 Аннотация __
a Аннотация Мяукают ли львы и тигры и если нет, то почему? Где и как кошки совершили эволюционный рывок, покинув африканскую саванну? Зачем кошка оставляет мертвую мышь у вас в ногах, а то и на подушке? Так ли уж плохо держать дома оцелота? И что значили кошки в египетской иероглифике? Эволюционный биолог Джонатан Лосос расшифровывает сложные научные и исторические загадки, выясняет, как современные исследователи раскрывают тайны кошачьего прошлого и настоящего при помощи передовых научных технологий - от GPS-трекинга до геномики и судебной археологии, и показывает, как за последние несколько тысячелетий естественный и искусственный отбор сформировал современную кошку, которая за сравнительно короткий срок превратилась в самый успешный и разнообразный биологический вид на планете. Люди меняют кошек, а те, в свою очередь, меняют окружающий их мир, и эта захватывающая и полная любопытных фактов книга в числе прочего рассказывает, что ждет в будущем и Felis catus, и Homo sapiens.
333 Примечание о целевом назначении __
a Примечание о целевом назначении 12+. Для детей старше 12 лет
454 Оригинал _0
1 2001
a Cat's Meow
f Jonathan B. Losos
1 700 1
a Losos
b J. B.
g Jonathan B.
517 Другие варианты заглавия 1_
a Другие варианты заглавия Животные
540 Дополнительное заглавие, сделанное каталогизатором 10
a Дополнительное заглавие, сделанное каталогизатором Эволюционная история кошек
606 Тематические рубрики 1_
a Основная рубрика Сельское хозяйство
2 Код системы nlr_sh
606 Тематические рубрики 1_
a Основная рубрика Кошки
2 Код системы nlr_sh
606 Тематические рубрики __
2 Код системы nlr_sh
a Основная рубрика Биология
606 Тематические рубрики __
2 Код системы nlr_sh
a Основная рубрика Систематика позвоночных
610 Ключевые слова 0_
a Ключевые слова кошки
610 Ключевые слова 0_
a Ключевые слова познавательная литература
610 Ключевые слова 0_
a Ключевые слова домашние животные
610 Ключевые слова 0_
a Ключевые слова одомашнивание кошек
610 Ключевые слова 0_
a Ключевые слова домашние питомцы
610 Ключевые слова 0_
a Ключевые слова эволюция кошек
610 Ключевые слова 0_
a Ключевые слова фелинология
610 Ключевые слова 0_
a Ключевые слова занимательная зоология
610 Ключевые слова 0_
a Ключевые слова ископаемые животные
610 Ключевые слова 0_
a Ключевые слова породы кошек
610 Ключевые слова 0_
a Ключевые слова семейство кошачьих
610 Ключевые слова 0_
a Ключевые слова уход за кошками
610 Ключевые слова 0_
a Ключевые слова научпоп
610 Ключевые слова 0_
a Ключевые слова научно-познавательная литература
610 Ключевые слова 0_
a Ключевые слова современные кошки
610 Ключевые слова 0_
a Ключевые слова кошачьи
610 Ключевые слова 0_
a Ключевые слова кошачьи повадки
610 Ключевые слова 0_
a Ключевые слова кошачьи рефлексы
610 Ключевые слова 0_
a Ключевые слова история кошек
610 Ключевые слова 0_
a Ключевые слова физиология кошек
610 Ключевые слова 0_
a Ключевые слова уход за кошками
610 Ключевые слова 0_
a Ключевые слова редкие кошки
610 Ключевые слова 0_
a Ключевые слова кошачьи выставки
610 Ключевые слова 0_
a Ключевые слова домашние кошки
610 Ключевые слова 0_
a Ключевые слова дикие кошки
610 Ключевые слова 0_
a Ключевые слова научно-популярная литература
686 Индексы других классификаций __
a Классификационный индекс 28.693.36
2 Код системы rubbks
686 Индексы других классификаций __
2 Код системы rubbks
a Классификационный индекс 46.74; ст28.693.3 + ст46.74
700 Автор _1
a Фамилия Лосос
b Имя Д.
g Полное личное имя Джонатан
f Даты 1961-
4 Код отношения 070
702 Вторичная интеллектуальная ответственность _1
a Фамилия Борткевич
b Имя Е.
g Полное личное имя Елена
4 Код отношения 730
801 Источник записи _0
a Страна RU
b Организация NLR
c Дата составления 20240722
g Правила каталогизации PSBO
801 Источник записи _1
a Страна RU
b Организация NLR
c Дата составления 20240722
g Правила каталогизации PSBO
801 Источник записи _2
a Страна RU
b Организация NLR
c Дата составления 20241202
2 Код формата rusmarc
g Правила каталогизации PSBO
852 Данные о местонахождении __
i Авторский знак Л 79
j Шифр хранения 28.693.36
900 Макрообъекты __
a Макрообъекты От саванны до дивана. Лосос, Д., 2025
901 Тип документа __
a Ответственный ООФиК/Губина
t Тип документа m
901 Тип документа __
a Ответственный 6 партия
903 Характеристики (МАРС) __
a Дата передачи 20260529
c Наименование библиотеки (МАРС) Муниципальное бюджетное учреждение культуры "Централизованная библиотечная система" г. Сургут (Центральная городская библиотека им. А. С. Пушкина)
969 Тип издания __
a Тип издания научно-популярное издание
a Тип издания Ф 26
990 Данные о заказе (DOS) __
j Количество экземпляров (DOS) 2
t N записи в КСУ для И/У (DOS) 202606